10 legendarias películas de aventuras (Registro nro. 7283)
[ vista simple ]
| 000 -CABECERA | |
|---|---|
| Longitud fija campo de control | 01303ngm a2200253 a 4500 |
| 005 - • FECHA Y HORA DE LA ÚLTIMA TRANSACCIÓN | |
| Fecha y hora de la última transacción | 20220317001533.0 |
| 008 - • CÓDIGOS DE INFORMACIÓN DE LONGITUD FIJA | |
| Códigos de información de longitud fija | 161108s2016 ck g 000 0 s |
| 082 04 - • NÚMERO DE LA CLASIFICACIÓN DECIMAL DEWEY | |
| Número de clasificación (R) | 791.43615 |
| Número del ítem | D32 |
| 040 ## - FUENTE DE LA CATALOGACIÓN | |
| Centro catalogador de origen | CO-BoRNBP |
| Lengua de catalogación | spa |
| Normas de descripción | rda |
| Centro transcriptor | CO-BoRNBP |
| 245 00 - • TITULO PROPIAMENTE DICHO | |
| Título | 10 legendarias películas de aventuras |
| Medio | videodisco digital |
| 250 ## - • MENCIÓN DE EDICIÓN | |
| Mención de edición | 1a. edición |
| 264 ## - PRODUCCIÓN, PUBLICACIÓN , DISTRIBUCIÓN, FABRICACIÓN Y COPYRIGHT | |
| Lugar de producción, publicación, distribución, fabricación | Bogotá |
| Nombre del productor, editor, distribuidor, fabricante | Fonolibros de Colombia |
| Fecha de de producción, publicación, distribución, fabricación o copyright | [2016] |
| 300 ## - • DESCRIPCIÓN FÍSICA | |
| Extensión | 6 DVD |
| Otras características físicas | sonido, color, digital |
| Dimensiones | 12 cm |
| 336 ## - TIPO DE CONTENIDO | |
| Término de tipo de contenido | texto |
| Código de tipo de contenido | txt |
| Fuente | rdacontent |
| 337 ## - TIPO DE MEDIO | |
| Nombre del tipo de medio | sin mediación |
| Código del tipo de medio | n |
| Fuente | rdamedia |
| 338 ## - TIPO DE SOPORTE | |
| Nombre del tipo de soporte | volumen |
| Código del tipo de soporte | nc |
| Fuente | rdacarrier |
| 490 ## - • MENCIÓN DE SERIE | |
| Mención de serie | Cine club películas para coleccionistas |
| 505 ## - • NOTA DE CONTENIDO CON FORMATO | |
| Nota de contenido con formato | DVD 1. Robin Hood. La reina africana -- DVD. 2 King Kong. El ladrón de Bagdad -- DVD 3. La rosa negra -- DVD 4. Gunga Din -- DVD.5 Moby Dick. Perdidos en un harem -- DVD 6. Scaramouche. Tener y no tener |
| 520 ## - • NOTA DE RESUMEN | |
| Resumen, etc, | "Desde sus mismos inicios, en el cine las películas de aventuras tuvieron una popularidad excepcional, ya que en ellas está la base de todo drama, con un héroe, que a través de grandes vicisitudes acaba imponiéndose a las fuerzas del mal. No siem |
| 650 14 - • PUNTO DE ACCESO ADICIONAL DE MATERIA - TÉRMINO DE MATERIA | |
| Fuente del encabezamiento o término | LEMB |
| Término de materia o nombre geográfico como elemento inicial | Peliculas de aventuras |
| Subdivisión de forma | Videodiscos |
| 650 14 - • PUNTO DE ACCESO ADICIONAL DE MATERIA - TÉRMINO DE MATERIA | |
| Fuente del encabezamiento o término | LEMB |
| Término de materia o nombre geográfico como elemento inicial | Películas Cinematográficas |
| Subdivisión de forma | Colecciones |
| Subdivisión de materia general | Videodiscos |
| 650 14 - • PUNTO DE ACCESO ADICIONAL DE MATERIA - TÉRMINO DE MATERIA | |
| Fuente del encabezamiento o término | LEMB |
| Término de materia o nombre geográfico como elemento inicial | Aventuras |
| Subdivisión de forma | Videodiscos |
| 942 ## - ENTRADA DE ELEMENTOS AGREGADOS (KOHA) | |
| Fuente de clasificaión o esquema | Dewey Decimal Classification |
| Koha [por defecto] tipo de item | DVD |
No hay ítems disponibles.